000
00249nam a22001097a 4500
003
SGT
022
_a
2394-546X
245
_a
INDIAN JOURNAL OF MICROBIOLOGY RESEARCH
260
_a
INDIA
_b
INNOVATIVE PUB.
_c
2016
310
_a
QUARTERLY
942
_2
ddc
_c
LJ
999
_c
8806
_d
8806